<?xml version="1.0" encoding="UTF-8"?>
<record
    xmlns:xsi="http://www.w3.org/2001/XMLSchema-instance"
    xsi:schemaLocation="http://www.loc.gov/MARC21/slim http://www.loc.gov/standards/marcxml/schema/MARC21slim.xsd"
    xmlns="http://www.loc.gov/MARC21/slim">

  <leader>03685nam a2200625 a 4500</leader>
  <controlfield tag="003">AR-BeUNQ</controlfield>
  <controlfield tag="005">20241129151912.0</controlfield>
  <controlfield tag="007">ta</controlfield>
  <controlfield tag="008">241121s2019    ag abdodr     001 0 spa  </controlfield>
  <datafield tag="015" ind1=" " ind2=" ">
    <subfield code="a">AR-2019</subfield>
  </datafield>
  <datafield tag="020" ind1=" " ind2=" ">
    <subfield code="a">9789504657569</subfield>
  </datafield>
  <datafield tag="040" ind1=" " ind2=" ">
    <subfield code="a">AR-BaBN</subfield>
    <subfield code="b">spa</subfield>
    <subfield code="c">AR-BaBN</subfield>
    <subfield code="e">aacr</subfield>
    <subfield code="d">Ar-BeUNQ</subfield>
  </datafield>
  <datafield tag="044" ind1=" " ind2=" ">
    <subfield code="a">ag</subfield>
    <subfield code="c">ar-c</subfield>
  </datafield>
  <datafield tag="082" ind1="0" ind2="4">
    <subfield code="a">907</subfield>
    <subfield code="2">21</subfield>
  </datafield>
  <datafield tag="245" ind1="0" ind2="0">
    <subfield code="a">Ciencias Sociales 1 :</subfield>
    <subfield code="b">desde las primeras sociedades hasta el fin de la Edad Media, sociedades y ambientes del mundo /</subfield>
    <subfield code="c">Amanda Celotto ... [et al.] ; bajo la direcci&#xF3;n de Graciela M. Valle.</subfield>
  </datafield>
  <datafield tag="250" ind1=" " ind2=" ">
    <subfield code="a">1a ed.</subfield>
  </datafield>
  <datafield tag="260" ind1=" " ind2=" ">
    <subfield code="a">Ciudad Aut&#xF3;noma de Buenos Aires :</subfield>
    <subfield code="b">Santillana,</subfield>
    <subfield code="c">2019.</subfield>
  </datafield>
  <datafield tag="300" ind1=" " ind2=" ">
    <subfield code="a">247 p. :</subfield>
    <subfield code="b">il., diagrs., fot. col., mapas ;</subfield>
    <subfield code="c">28 cm </subfield>
  </datafield>
  <datafield tag="490" ind1="1" ind2=" ">
    <subfield code="a">Santillana Vale Saber</subfield>
  </datafield>
  <datafield tag="500" ind1=" " ind2=" ">
    <subfield code="a">Obra acompa&#xF1;ada por el cuadernillo Mi porfolio del proyecto 1 y 2</subfield>
  </datafield>
  <datafield tag="500" ind1=" " ind2=" ">
    <subfield code="a">En portada: SOC</subfield>
  </datafield>
  <datafield tag="505" ind1="0" ind2=" ">
    <subfield code="a">1. La historia, el estudio del pasado -- 2. Los or&#xED;genes de la humanidad -- 3. El Neol&#xED;tico: etapa de grandes cambios -- 4. Mesopotamia, una regi&#xF3;n entre r&#xED;os -- 5. Egipto, un Estado rn torno al Nilo -- 6. Cercano Oriente en el primer milenio a.C. -- 7. Am&#xE9;rica, sociedades y Estados -- 8.Grecia, del origen al helenismo -- 9. Los griegos y la cultura occidental -- 10. Roma y el control del Mediterr&#xE1;neo -- 11. Roma y la cultura occidental -- 12. La Edad Media: los primeros siglos -- 13. El feudalismo -- 14. La Edad Media llega a su fin -- 15. Representar y ubicar lugares -- 16. La formas de la Tierra -- 17. El agua en el planeta -- 18. El clima en el mundo -- 19. Los biomas y su transformaci&#xF3;n -- 20. La poblaci&#xF3;n en el mundo -- 21. Espacios urbanos y rurales -- 22. El ambiente en problemas.</subfield>
  </datafield>
  <datafield tag="521" ind1="2" ind2=" ">
    <subfield code="a">Para alumnos de Ciencias Sociales de primer a&#xF1;o de educaci&#xF3;n secundaria.</subfield>
  </datafield>
  <datafield tag="650" ind1=" " ind2="7">
    <subfield code="a">Ciencias sociales</subfield>
    <subfield code="2">toit</subfield>
  </datafield>
  <datafield tag="650" ind1=" " ind2="7">
    <subfield code="a">Historia</subfield>
    <subfield code="2">spines</subfield>
  </datafield>
  <datafield tag="650" ind1=" " ind2="7">
    <subfield code="a">Prehistoria</subfield>
    <subfield code="2">spines</subfield>
  </datafield>
  <datafield tag="650" ind1=" " ind2="7">
    <subfield code="a">Historia antigua</subfield>
    <subfield code="2">spines</subfield>
  </datafield>
  <datafield tag="650" ind1=" " ind2="7">
    <subfield code="a">Historia medieval</subfield>
    <subfield code="2">spines</subfield>
  </datafield>
  <datafield tag="650" ind1=" " ind2="7">
    <subfield code="a">Geograf&#xED;a</subfield>
    <subfield code="2">spines</subfield>
  </datafield>
  <datafield tag="650" ind1=" " ind2="7">
    <subfield code="a">Geograf&#xED;a pol&#xED;tica</subfield>
    <subfield code="2">spines</subfield>
  </datafield>
  <datafield tag="650" ind1=" " ind2="7">
    <subfield code="a">Geograf&#xED;a f&#xED;sica</subfield>
    <subfield code="2">spines</subfield>
  </datafield>
  <datafield tag="650" ind1=" " ind2="7">
    <subfield code="a">Geografia humana</subfield>
    <subfield code="2">toit</subfield>
  </datafield>
  <datafield tag="650" ind1=" " ind2="7">
    <subfield code="a">Contaminaci&#xF3;n</subfield>
    <subfield code="2">unescot</subfield>
  </datafield>
  <datafield tag="650" ind1=" " ind2="7">
    <subfield code="a">Medio ambiente fisico</subfield>
    <subfield code="2">spines</subfield>
  </datafield>
  <datafield tag="650" ind1=" " ind2="7">
    <subfield code="a">Ense&#xF1;anza media</subfield>
    <subfield code="2">spines</subfield>
  </datafield>
  <datafield tag="655" ind1=" " ind2="7">
    <subfield code="a">Manuales</subfield>
    <subfield code="2">spines</subfield>
  </datafield>
  <datafield tag="700" ind1="1" ind2=" ">
    <subfield code="a">Valle, Graciela M.</subfield>
    <subfield code="e">dir.</subfield>
  </datafield>
  <datafield tag="700" ind1="1" ind2=" ">
    <subfield code="a">Celotto, Amanda</subfield>
  </datafield>
  <datafield tag="700" ind1="1" ind2=" ">
    <subfield code="a">Enrique, Miriam</subfield>
  </datafield>
  <datafield tag="700" ind1="1" ind2=" ">
    <subfield code="a">Est&#xE9;vez, Diego A.</subfield>
  </datafield>
  <datafield tag="700" ind1="1" ind2=" ">
    <subfield code="a">Maidana, Leda Silvia</subfield>
  </datafield>
  <datafield tag="830" ind1=" " ind2="0">
    <subfield code="a">Santillana Vale Saber</subfield>
  </datafield>
  <datafield tag="929" ind1=" " ind2=" ">
    <subfield code="a">COMPRA</subfield>
    <subfield code="b">Ciencia y T&#xE9;cnica</subfield>
    <subfield code="c">Compra 2023 Exp. 827-2000/2023</subfield>
    <subfield code="d">28500</subfield>
    <subfield code="e">20240116</subfield>
    <subfield code="f">PAT0081216</subfield>
    <subfield code="h">1</subfield>
    <subfield code="j">62626</subfield>
  </datafield>
  <datafield tag="929" ind1=" " ind2=" ">
    <subfield code="a">COMPRA</subfield>
    <subfield code="b">Ciencia y T&#xE9;cnica</subfield>
    <subfield code="c">Compra 2023 Exp. 827-2000/2023</subfield>
    <subfield code="d">28500</subfield>
    <subfield code="e">20240116</subfield>
    <subfield code="f">PAT0081217</subfield>
    <subfield code="h">2</subfield>
    <subfield code="j">62627</subfield>
  </datafield>
  <datafield tag="929" ind1=" " ind2=" ">
    <subfield code="a">COMPRA</subfield>
    <subfield code="b">Ciencia y T&#xE9;cnica</subfield>
    <subfield code="c">Compra 2023 Exp. 827-2000/2023</subfield>
    <subfield code="d">28500</subfield>
    <subfield code="e">20240116</subfield>
    <subfield code="f">PAT0081218</subfield>
    <subfield code="h">3</subfield>
    <subfield code="j">62628</subfield>
  </datafield>
  <datafield tag="929" ind1=" " ind2=" ">
    <subfield code="a">COMPRA</subfield>
    <subfield code="b">Ciencia y T&#xE9;cnica</subfield>
    <subfield code="c">Compra 2023 Exp. 827-2000/2023</subfield>
    <subfield code="d">28500</subfield>
    <subfield code="e">20240116</subfield>
    <subfield code="f">PAT0081219</subfield>
    <subfield code="h">4</subfield>
    <subfield code="j">62629</subfield>
  </datafield>
  <datafield tag="929" ind1=" " ind2=" ">
    <subfield code="a">COMPRA</subfield>
    <subfield code="b">Ciencia y T&#xE9;cnica</subfield>
    <subfield code="c">Compra 2023 Exp. 827-2000/2023</subfield>
    <subfield code="d">28500</subfield>
    <subfield code="e">20240116</subfield>
    <subfield code="f">PAT0081220</subfield>
    <subfield code="h">5</subfield>
    <subfield code="j">62630</subfield>
  </datafield>
  <datafield tag="929" ind1=" " ind2=" ">
    <subfield code="a">COMPRA</subfield>
    <subfield code="b">Ciencia y T&#xE9;cnica</subfield>
    <subfield code="c">Compra 2023 Exp. 827-2000/2023</subfield>
    <subfield code="d">28500</subfield>
    <subfield code="e">20240116</subfield>
    <subfield code="f">PAT0081221</subfield>
    <subfield code="h">6</subfield>
    <subfield code="j">62631</subfield>
  </datafield>
  <datafield tag="929" ind1=" " ind2=" ">
    <subfield code="a">COMPRA</subfield>
    <subfield code="b">Ciencia y T&#xE9;cnica</subfield>
    <subfield code="c">Compra 2023 Exp. 827-2000/2023</subfield>
    <subfield code="d">28500</subfield>
    <subfield code="e">20240116</subfield>
    <subfield code="f">PAT0081222</subfield>
    <subfield code="h">7</subfield>
    <subfield code="j">62632</subfield>
  </datafield>
  <datafield tag="929" ind1=" " ind2=" ">
    <subfield code="a">COMPRA</subfield>
    <subfield code="b">Ciencia y T&#xE9;cnica</subfield>
    <subfield code="c">Compra 2023 Exp. 827-2000/2023</subfield>
    <subfield code="d">28500</subfield>
    <subfield code="e">20240116</subfield>
    <subfield code="f">PAT0081223</subfield>
    <subfield code="h">8</subfield>
    <subfield code="j">62633</subfield>
  </datafield>
  <datafield tag="929" ind1=" " ind2=" ">
    <subfield code="a">COMPRA</subfield>
    <subfield code="b">Ciencia y T&#xE9;cnica</subfield>
    <subfield code="c">Compra 2023 Exp. 827-2000/2023</subfield>
    <subfield code="d">28500</subfield>
    <subfield code="e">20240116</subfield>
    <subfield code="f">PAT0081224</subfield>
    <subfield code="h">9</subfield>
    <subfield code="j">62634</subfield>
  </datafield>
  <datafield tag="929" ind1=" " ind2=" ">
    <subfield code="a">COMPRA</subfield>
    <subfield code="b">Ciencia y T&#xE9;cnica</subfield>
    <subfield code="c">Compra 2023 Exp. 827-2000/2023</subfield>
    <subfield code="d">28500</subfield>
    <subfield code="e">20240116</subfield>
    <subfield code="f">PAT0081225</subfield>
    <subfield code="h">10</subfield>
    <subfield code="j">62635</subfield>
  </datafield>
  <datafield tag="942" ind1=" " ind2=" ">
    <subfield code="c">LIB</subfield>
  </datafield>
  <datafield tag="999" ind1=" " ind2=" ">
    <subfield code="c">1095</subfield>
    <subfield code="d">1095</subfield>
  </datafield>
  <datafield tag="952" ind1=" " ind2=" ">
    <subfield code="0">0</subfield>
    <subfield code="1">0</subfield>
    <subfield code="a">BIBESET</subfield>
    <subfield code="b">BIBESET</subfield>
    <subfield code="c">circulacion</subfield>
    <subfield code="d">2024-11-21</subfield>
    <subfield code="l">0</subfield>
    <subfield code="o">907 CIE</subfield>
    <subfield code="p">62626</subfield>
    <subfield code="r">2024-11-25</subfield>
    <subfield code="t">1</subfield>
    <subfield code="w">2024-11-25</subfield>
    <subfield code="y">LIB</subfield>
    <subfield code="k">NC</subfield>
  </datafield>
  <datafield tag="952" ind1=" " ind2=" ">
    <subfield code="0">0</subfield>
    <subfield code="1">0</subfield>
    <subfield code="a">BIBESET</subfield>
    <subfield code="b">BIBESET</subfield>
    <subfield code="c">circulacion</subfield>
    <subfield code="d">2024-11-21</subfield>
    <subfield code="l">0</subfield>
    <subfield code="o">907 CIE</subfield>
    <subfield code="p">62627</subfield>
    <subfield code="r">2024-11-25</subfield>
    <subfield code="t">2</subfield>
    <subfield code="w">2024-11-25</subfield>
    <subfield code="y">LIB</subfield>
    <subfield code="k">NC</subfield>
  </datafield>
  <datafield tag="952" ind1=" " ind2=" ">
    <subfield code="0">0</subfield>
    <subfield code="1">0</subfield>
    <subfield code="a">BIBESET</subfield>
    <subfield code="b">BIBESET</subfield>
    <subfield code="c">circulacion</subfield>
    <subfield code="d">2024-11-21</subfield>
    <subfield code="l">0</subfield>
    <subfield code="o">907 CIE</subfield>
    <subfield code="p">62628</subfield>
    <subfield code="r">2024-11-25</subfield>
    <subfield code="t">3</subfield>
    <subfield code="w">2024-11-25</subfield>
    <subfield code="y">LIB</subfield>
    <subfield code="k">NC</subfield>
  </datafield>
  <datafield tag="952" ind1=" " ind2=" ">
    <subfield code="0">0</subfield>
    <subfield code="1">0</subfield>
    <subfield code="a">BIBESET</subfield>
    <subfield code="b">BIBESET</subfield>
    <subfield code="c">circulacion</subfield>
    <subfield code="d">2024-11-21</subfield>
    <subfield code="l">0</subfield>
    <subfield code="o">907 CIE</subfield>
    <subfield code="p">62629</subfield>
    <subfield code="r">2024-11-25</subfield>
    <subfield code="t">4</subfield>
    <subfield code="w">2024-11-25</subfield>
    <subfield code="y">LIB</subfield>
    <subfield code="k">NC</subfield>
  </datafield>
  <datafield tag="952" ind1=" " ind2=" ">
    <subfield code="0">0</subfield>
    <subfield code="1">0</subfield>
    <subfield code="a">BIBESET</subfield>
    <subfield code="b">BIBESET</subfield>
    <subfield code="c">circulacion</subfield>
    <subfield code="d">2024-11-21</subfield>
    <subfield code="l">0</subfield>
    <subfield code="o">907 CIE</subfield>
    <subfield code="p">62630</subfield>
    <subfield code="r">2024-11-25</subfield>
    <subfield code="t">5</subfield>
    <subfield code="w">2024-11-25</subfield>
    <subfield code="y">LIB</subfield>
    <subfield code="k">NC</subfield>
  </datafield>
  <datafield tag="952" ind1=" " ind2=" ">
    <subfield code="0">0</subfield>
    <subfield code="1">0</subfield>
    <subfield code="a">BIBESET</subfield>
    <subfield code="b">BIBESET</subfield>
    <subfield code="c">circulacion</subfield>
    <subfield code="d">2024-11-21</subfield>
    <subfield code="l">0</subfield>
    <subfield code="o">907 CIE</subfield>
    <subfield code="p">62631</subfield>
    <subfield code="r">2024-11-25</subfield>
    <subfield code="t">6</subfield>
    <subfield code="w">2024-11-25</subfield>
    <subfield code="y">LIB</subfield>
    <subfield code="k">NC</subfield>
  </datafield>
  <datafield tag="952" ind1=" " ind2=" ">
    <subfield code="0">0</subfield>
    <subfield code="1">0</subfield>
    <subfield code="a">BIBESET</subfield>
    <subfield code="b">BIBESET</subfield>
    <subfield code="c">circulacion</subfield>
    <subfield code="d">2024-11-21</subfield>
    <subfield code="l">0</subfield>
    <subfield code="o">907 CIE</subfield>
    <subfield code="p">62632</subfield>
    <subfield code="r">2024-11-25</subfield>
    <subfield code="t">7</subfield>
    <subfield code="w">2024-11-25</subfield>
    <subfield code="y">LIB</subfield>
    <subfield code="k">NC</subfield>
  </datafield>
  <datafield tag="952" ind1=" " ind2=" ">
    <subfield code="0">0</subfield>
    <subfield code="1">0</subfield>
    <subfield code="a">BIBESET</subfield>
    <subfield code="b">BIBESET</subfield>
    <subfield code="c">circulacion</subfield>
    <subfield code="d">2024-11-21</subfield>
    <subfield code="o">907 CIE</subfield>
    <subfield code="p">62633</subfield>
    <subfield code="r">2024-11-29</subfield>
    <subfield code="t">8</subfield>
    <subfield code="y">LIB</subfield>
    <subfield code="k">NC</subfield>
  </datafield>
  <datafield tag="952" ind1=" " ind2=" ">
    <subfield code="0">0</subfield>
    <subfield code="1">0</subfield>
    <subfield code="a">BIBESET</subfield>
    <subfield code="b">BIBESET</subfield>
    <subfield code="c">circulacion</subfield>
    <subfield code="d">2024-11-21</subfield>
    <subfield code="o">907 CIE</subfield>
    <subfield code="p">62634</subfield>
    <subfield code="r">2024-11-29</subfield>
    <subfield code="t">9</subfield>
    <subfield code="y">LIB</subfield>
    <subfield code="k">NC</subfield>
  </datafield>
  <datafield tag="952" ind1=" " ind2=" ">
    <subfield code="0">0</subfield>
    <subfield code="1">0</subfield>
    <subfield code="a">BIBESET</subfield>
    <subfield code="b">BIBESET</subfield>
    <subfield code="c">circulacion</subfield>
    <subfield code="d">2024-11-21</subfield>
    <subfield code="o">907 CIE</subfield>
    <subfield code="p">62635</subfield>
    <subfield code="r">2024-11-29</subfield>
    <subfield code="t">10</subfield>
    <subfield code="y">LIB</subfield>
    <subfield code="k">NC</subfield>
  </datafield>
</record>
